000 00667nam a2200205Ii 4500
003 JO-AjNU
008 230605s9999||||xx |||||||||||||| ||und||
040 _aJO-AjNU
_bara
_erda
_cJO-AjNU
041 _aara
050 1 4 _aPZ1 1989
100 3 _aتاليف سيغور ، الكونتيسة ؛ ترجمة الياس حداد ,
_eauthor
_98920
245 0 0 _aالبنيات النموذجيات
250 _aط1
264 3 1 _aبغداد :وزارة الثقافة والاعلام ،1989
300 _a220ص
336 _atext
_btxt
_2rdacontent
337 _aunmediated
_bn
_2rdamedia
338 _avolume
_bnc
_2rdacarrier
650 4 _aقصص -العربية
_98921
999 _aA1034
_c4602
_d4602